000
00246nam a2200097Ia 4500
001
724309
005
20250826163348.0
008
250824s9999 xx 000 0 und d
245
0
_a
AMBERİN ZAMAN KAPSÜLÜ
_c
FİGEN GÜLÜ
260
_b
TUDEM YAYINLARI
999
_c
724309
_d
724309